00583nam a2200193 a 450000100100000000500170001000800410002702000150006804000130008308200190009610000290011524500540014426000390019830000210023750000540025865000320031265000300034465000150037400000870520260213105849.0090918s1999 dr 000 0 spa d a9993400130 aDO-SdBNP a153.852bP944c1 aPérez, Faustinod1945-14aLas caras de la persuasión /cFaustino Pérez. aSanto Domingo :bMediabyte,c1999. a104 p. ;c20 cm. aIncluye referencias bibliográficas (p. 103-104) 4aPersuasión (psicología) 4aInfluencia (psicología) 0aPublisidad